Bienvenido a nuestro catálago, Biblioteca Universidad Monteávila

Adam Smith : (Registro nro. 8021)

Detalles MARC
000 -CABECERA
campo de control de longitud fija 00735nam a22002297a 4500
005 - FECHA Y HORA DE LA ÚLTIMA TRANSACCIÓN
campo de control 20260311062519.0
007 - CAMPO FIJO DE DESCRIPCIÓN FÍSICA--INFORMACIÓN GENERAL
campo de control de longitud fija ta
008 - DATOS DE LONGITUD FIJA--INFORMACIÓN GENERAL
campo de control de longitud fija 231201s2001 sp |||||r|||| 001 0 spa d
040 ## - FUENTE DE LA CATALOGACIÓN
Centro catalogador/agencia de origen vecauma
Centro/agencia transcriptor vecauma
Centro/agencia modificador vecauma
099 ## - Cota
Número de clasificación JC176
Cutter S63 L3
100 1# - AUTOR PERSONAL
9 (RLIN) 340
Nombre de persona Lázaro, Raquel
245 10 - MENCIÓN DE TÍTULO
Título Adam Smith :
Resto del título interés particular y bien común
260 ## - PUBLICACIÓN, DISTRIBUCIÓN, ETC.
Lugar de publicación, distribución, etc. Pamplona :
Nombre del editor, distribuidor, etc. Instituto Empresa y Humanismo, Universidad de Navarra,
Fecha de publicación, distribución, etc. 2001.
300 ## - DESCRIPCIÓN FÍSICA
Extensión 69 p.
490 0# - MENCIÓN DE SERIE
Mención de serie Cuadernos empresa y humanismo
Designación de volumen o secuencia 84
504 ## - NOTA DE BIBLIOGRAFÍA, ETC.
Nota de bibliografía, etc. Incluye referencias bibliográficas.
600 10 - PUNTO DE ACCESO ADICIONAL DE MATERIA--NOMBRE DE PERSONA
9 (RLIN) 6163
Nombre de persona Smith, Adam,
Fechas asociadas al nombre 1723-1790
Subdivisión general Crítica e interpretación
650 #0 - PUNTO DE ACCESO ADICIONAL DE MATERIA--TÉRMINO DE MATERIA
9 (RLIN) 552
Término de materia BIEN COMUN
650 #0 - PUNTO DE ACCESO ADICIONAL DE MATERIA--TÉRMINO DE MATERIA
Término de materia POLITICA
9 (RLIN) 380
942 ## - ELEMENTOS DE ENTRADA AGREGADA (KOHA)
Tipo de ítem Koha Libros
Fuente del sistema de clasificación o colocación Library of Congress Classification
Existencias
Estado de retiro Estado de pérdida Fuente del sistema de clasificación o colocación Estado dañado No para préstamo Código de colección Localización permanente Ubicación/localización actual Ubicación en estantería Fecha de adquisición Número de inventario Total de préstamos Cota Código de barras Fecha visto por última vez Precio válido a partir de Tipo de ítem Koha
    Library of Congress Classification     Colección general Biblioteca Universidad Monteávila Biblioteca Universidad Monteávila Colección general 01/12/2023 12047   JC176 S63 L3 2023-46923879 01/12/2023 01/12/2023 Libros

Copyright @ UMA Library
Universidad Monteávila Caracas, Venezuela

Edif. Sede principal Universidad Monteávila. Av. El Buen Pastor. Boleíta Norte. Caracas. 
Customized by Universidad Monteávila

Con tecnología Koha